000 00601nam a22002297a 4500
003 UA-OsUOA
001 65534
007 ta
008 20091126b un ||||| |||| 00| 0 ukr d
100 _aБулаховська Ю.
090 _a821.161.1
_bБ90
942 _cBK
040 _aUA-OsUOA
_bukr
_cUA-OsUOA
_dUA-OsUOA
245 _aПсихологічні детективи
300 _a56 с.
955 _a2
041 _aukr
080 _a821.161.1
260 _aК.
_bПоезія
_c2006
650 7 _a82 Література. Літературознавство
_2UDC
999 _c351505
_d351505